The history of India / (Record no. 25056)

MARC details
000 -LEADER
fixed length control field 00770cam a2200253u 4500
001 - CONTROL NUMBER
control field 10332396
003 - CONTROL NUMBER IDENTIFIER
control field BDDh-ASL
005 - DATE AND TIME OF LATEST TRANSACTION
control field 20231015030436.0
008 - FIXED-LENGTH DATA ELEMENTS--GENERAL INFORMATION
fixed length control field 821001q ii 000 0 eng
010 ## - LIBRARY OF CONGRESS CONTROL NUMBER
LC control number sa 65002362
040 ## - CATALOGING SOURCE
Original cataloging agency DLC
Transcribing agency CarP
Modifying agency DLC
-- BDDh-ASL
043 ## - GEOGRAPHIC AREA CODE
Geographic area code a-ii---
050 00 - LIBRARY OF CONGRESS CALL NUMBER
Classification number DS457
Item number .E553
082 ## - DEWEY DECIMAL CLASSIFICATION NUMBER
Classification number 954
Item number ELH
100 1# - MAIN ENTRY--PERSONAL NAME
Personal name Elliot, H. M.
Fuller form of name (Henry Miers),
Titles and words associated with a name Sir,
Dates associated with a name 1808-1853.
245 14 - TITLE STATEMENT
Title The history of India /
Statement of responsibility, etc. as told by its own historians:
250 ## - EDITION STATEMENT
Edition statement [1st Indian ed.]
260 ## - PUBLICATION, DISTRIBUTION, ETC.
Place of publication, distribution, etc. Allahabad :
-- Calcutta:
Name of publisher, distributor, etc. Kitab Mahal, Wholesale Division
Date of publication, distribution, etc. 1957
300 ## - PHYSICAL DESCRIPTION
Extent v.
Dimensions 23 cm.
651 #0 - SUBJECT ADDED ENTRY--GEOGRAPHIC NAME
Geographic name India
General subdivision History
Chronological subdivision 1000-1526.
700 1# - ADDED ENTRY--PERSONAL NAME
Personal name Dowson, John,
Dates associated with a name 1820-1881.
906 ## - LOCAL DATA ELEMENT F, LDF (RLIN)
a 0
b cbc
c premunv
d u
e ncip
f 19
g y-gencatlg
942 ## - ADDED ENTRY ELEMENTS (KOHA)
Source of classification or shelving scheme Dewey Decimal Classification
Koha item type Books
Holdings
Withdrawn status Lost status Source of classification or shelving scheme Damaged status Not for loan Collection code Home library Current library Shelving location Date acquired Source of acquisition Total Checkouts Full call number Barcode Date last seen Copy number Price effective from Koha item type Public note
    Dewey Decimal Classification     Non-fiction Asiatic Society Library Asiatic Society Library General Stacks 06/20/2021 Donated by A. K. M. Azizul Haq and Prof. Husaiara Haq   954 ELH 109736 06/20/2021 C-1 06/20/2021 Books Rare

Powered by Koha